| 000 | 00804nac a22002531u 4500 | ||
|---|---|---|---|
| 010 | _a2001045144 | ||
| 020 | _a0130308978 : | ||
| 020 | _a812032370x : | ||
| 082 | 0 | 0 |
_a005.276 _bDEI |
| 090 |
_c9925 _d9925 |
||
| 100 | _aDeitel, Harvey M., | ||
| 245 | 1 | 0 |
_aInternet & World Wide Web : how to program : CD / _cH.M. Deitel, P.J. Deitel, T.R. Nieto. |
| 246 | 3 | _aInternet and World Wide Web | |
| 250 | _a2nd ed. | ||
| 260 |
_aUpper Saddle River, N.J. : _bPrentice Hall of India,2003. _cc2003. |
||
| 300 | _f1 CD-ROM (4 3/4 in.) | ||
| 500 | _aAudiovisuals. | ||
| 511 | _aCatalogued by: Sara. | ||
| 650 | 0 | _aInternet programming. | |
| 650 | 0 | _aWorld Wide Web. | |
| 700 | 1 | _aDeitel, Paul J. | |
| 700 | 1 |
_aNieto, T. R. _q(Tem R.) |
|
| 942 |
_cCDB _k005.276DEI |
||
| 999 |
_c9925 _d9925 |
||